000
00285nam a22001337a 4500
008
170630b xxu||||| |||| 00| 0 eng d
020
_a
9780521097123
041
_a
eng
080
_a
82
100
_a
82
101
_a
GJL
245
_a
SELECTED WRITING
_c
GIDDENS,A
942
_2
udc
_c
BK
999
_c
19757
_d
19757